Phụ nữ trong đời sống xã hội
Gardado en:
| Autor Principal: | |
|---|---|
| Formato: | Libro |
| Idioma: | Undetermined |
| Publicado: |
Đồng Tháp
Nxb. Đồng Tháp
1994
|
| Những chủ đề: | |
| Các nhãn: |
Engadir etiqueta
Sen Etiquetas, Sexa o primeiro en etiquetar este rexistro!
|
| Thư viện lưu trữ: | Trung tâm Học liệu Trường Đại học Cần Thơ |
|---|
| LEADER | 00568nam a2200181Ia 4500 | ||
|---|---|---|---|
| 001 | CTU_5365 | ||
| 008 | 210402s9999 xx 000 0 und d | ||
| 082 | |a 331.4 | ||
| 082 | |b S464p | ||
| 100 | |a Phạm Côn Sơn | ||
| 245 | 0 | |a Phụ nữ trong đời sống xã hội | |
| 245 | 0 | |c Phạm Côn Sơn | |
| 260 | |a Đồng Tháp | ||
| 260 | |b Nxb. Đồng Tháp | ||
| 260 | |c 1994 | ||
| 650 | |a businesswomen,labor supply,women - employment | ||
| 904 | |i Nguyễn Quang Điền, 960714 | ||
| 980 | |a Trung tâm Học liệu Trường Đại học Cần Thơ | ||